000
00275nam a2200121Ia 4500
008
190216s9999||||xx |||||||||||||| ||und||
100
_a
Nasira Sami
245
0
_a
Hindi-Dhusra Thajmahal
260
_b
Indraprastha Prakashan
300
_a
168
650
_a
Hindi
942
_c
BK
999
_c
16305
_d
16305